Statistiques concernant Youtubeurs Français de plus de 1 million d'abonnés

Cliquez ici pour prendre le quiz!

Statistiques générales

  • Ce quiz a été pris 384 fois
  • Le résultat moyen est 10 sur 47

Statistiques - réponses

HintRéponse% Correct
1Cyprien
96%
2Norman
92%
4Squeezie
88%
24Natoo
68%
17ANDY
49%
10Le rire jaune
44%
19Enjoy Phoenix
42%
7Mister V
40%
3Rémi GAILLARD
37%
27Siphano
34%
8joueurdugrenier
33%
15Hugo Tout Seul
29%
5Cyprien Gaming
26%
12MrAntoineDaniel
26%
18SEB
24%
33Frigiel
23%
16Golden Moustache
22%
44Les clichés de Jigmé
19%
11Studio Bagel
19%
31Aziatomik
16%
23LaChaineDeJeremy
16%
36HugoPOSAY
16%
43Pat la réalisation
15%
38Aypierre
15%
22Le woop
15%
42LinksTheSun
14%
46SUP3R KONAR !
13%
26TheFantasio974
13%
30FantaBobGames
12%
14Palmashow
11%
29Matthieu Sommet
9%
39La Ferme Jerome
9%
40Jimmyfaitlcon
8%
45MrBboy45
7%
21Les tutos
7%
28MrLEV12
7%
25MaitreGims
6%
9Cauet
6%
13davidguetta
5%
41B20BaOfficiel
3%
20DaftPunkVEVO
3%
32PlayComedyClub
2%
35RedKeyMon
1%
47IndilaVEVO
1%
37FilmsActu
0%
34La Belle Musique
0%
6TheSoundYouNeed
0%

Distribution des résultats

Percentile par nombre de réponses

% des personnes avec chaque résultat

Votre développement - résultats

Vous n’avez pas pris ce quiz